000 00753nam a2200241Ia 4500
003 OSt
005 20220923220815.0
006 a|||||r|||| 00| 0
007 ta
008 220922b |||||||| |||| 00| 0 hin d
024 _a190,656
037 _cTextual
040 _aARTS
_cARTS
_bhin
041 _2hin
_ahin
082 _aR6, 152L8
100 _aराघाकृष्णन्, सर्वपल्ली
245 0 _aसत्य की खोज
246 _aSatya kī khoja
260 _aदिल्ली
_b सरस्वती प्रकाशन
_c1973
300 _a87पृ.
_ccm.
942 _hR6, 152L8
_cTEXL
_2CC
999 _c343431
_d343431